| 000 | 01833nam a2200481 i 4500 | ||
|---|---|---|---|
| 001 | 30353 | ||
| 003 | KOSZ 005 | ||
| 005 | 20220901092803.0 | ||
| 008 | 970510s1994 pl a f |000 0 pol | ||
| 015 | _aUWD 1995/6472 | ||
| 020 | _a8390248271 | ||
| 035 | _a991000066319705066 | ||
| 035 | _a(PL-WaBN)b10057535-48omnis_nlop | ||
| 035 | _ab10057535 | ||
| 035 | _a(OCoLC)802099201 | ||
| 035 | _a(PL)b0000001005753 | ||
| 035 | _a(EXLNZ-48OMNIS_NETWORK)9910467059705606 | ||
| 040 |
_aWA N _cWA N _dKOSZ 005/EG |
||
| 041 | _apol | ||
| 046 | _k1994 | ||
| 080 | _a504 | ||
| 080 | _a(438) | ||
| 245 | 0 | 0 |
_aStan środowiska w województwie toruńskim w 1993 roku : _bpraca zbiorowa / _cpod red. Szczepana Buraka ; [aut. S. Burak et al. ; współpr. Mirosław Bulczyński et al.] ; Państwowa Inspekcja Ochrony Środowiska, Wojewódzki Inspektorat Ochrony Środowiska w Toruniu, Urząd Wojewódzki w Toruniu. Wydział Ochrony Środowiska. |
| 260 |
_aToruń : _b"Turpress", _c1994. |
||
| 300 |
_a192 s. : _bfot. kolor., mapy, pl., 2 rys., wykr. ; _c24 cm. |
||
| 336 |
_aTekst _btxt _2rdacontent |
||
| 337 |
_aBez urządzenia pośredniczącego _bn _2rdamedia |
||
| 338 |
_aWolumin _bnc _2rdacarrier |
||
| 380 | _aKsiążki | ||
| 388 | _a1901-2000 | ||
| 388 | _a1989-2000 | ||
| 490 | 1 | _aBiblioteka Monitoringu Środowiska | |
| 504 | _aBibliogr. s. 185-186. | ||
| 650 | 7 | _aŚrodowisko człowieka | |
| 651 | 7 |
_aToruń (woj. kujawsko-pomorskie ; okolice) _2DBN |
|
| 658 | _aOchrona środowiska | ||
| 700 | 1 |
_aBulczyński, Mirosław _eAutor |
|
| 700 | 1 |
_aBurak, Szczepan _eRedakcja |
|
| 830 | 0 | _aBiblioteka Monitoringu Środowiska | |
| 856 |
_uhttp://koha.tu.koszalin.pl/cgi-bin/koha/opac-detail.pl?biblionumber=30353 _yKatalog online BPK |
||
| 942 |
_2UKD _cKS |
||
| 999 |
_c30353 _d30353 |
||